[Event "Budapest FS04 U2250"]
[Site "Budapest"]
[Date "2024.04.15"]
[Round "9"]
[White "Nagy, Ervin"]
[Black "Hradeczky, Tamas"]
[Result "1/2-1/2"]
[WhiteElo "2175"]
[BlackElo "1832"]
[PlyCount "58"]
[EventDate "2024.04.06"]
[EventType "tourn"]
[EventRounds "9"]
[EventCountry "HUN"]
[SourceTitle "CB18_2024"]
[SourceDate "2024.05.01"]
[SourceVersion "1"]
[SourceVersionDate "2024.05.01"]
[SourceQuality "2"]

1. e4 c5 2. Nf3 d6 3. d4 cxd4 4. Nxd4 Nf6 5. Nc3 a6 6. f4 e5 7. Nf3 Qc7 8. Bd3 Nbd7 9. 0-0 b5 10. a3 Be7 11. Qe1 0-0 12. Kh1 Re8 13. fxe5 dxe5 14. Nh4 Bf8 15. Nf5 Nc5 16. Bg5 Bxf5 17. Rxf5 Ncd7 18. Qg3 Re6 19. Raf1 Be7 20. Bxf6 Nxf6 21. a4 b4 22. Nd5 Nxd5 23. exd5 Rg6 24. Qf3 e4 25. Bxe4 Rh6 26. Rh5 Rxh5 27. Qxh5 g6 28. Qf3 Rf8 29. Qd3 Qe5 1/2-1/2

[Event "Budapest FS04 U2250"]
[Site "Budapest"]
[Date "2024.04.14"]
[Round "8"]
[White "Farago, Sandor"]
[Black "Nagy, Ervin"]
[Result "0-1"]
[WhiteElo "2034"]
[BlackElo "2175"]
[PlyCount "146"]
[EventDate "2024.04.06"]
[EventType "tourn"]
[EventRounds "9"]
[EventCountry "HUN"]
[SourceTitle "CB18_2024"]
[SourceDate "2024.05.01"]
[SourceVersion "1"]
[SourceVersionDate "2024.05.01"]
[SourceQuality "2"]

1. e4 d6 2. d4 Nf6 3. Bd3 e5 4. c3 Nc6 5. Ne2 d5 6. exd5 Qxd5 7. 0-0 exd4 8. cxd4 Bd6 9. Nbc3 Qh5 10. f4 0-0 11. Ne4 Nxe4 12. Bxe4 Bg4 13. Bf3 Rfe8 14. Ng3 Bxf3 15. Rxf3 Qd5 16. Be3 Rad8 17. Qa4 Bb4 18. Rd1 Re7 19. Bf2 Ba5 20. Rb3 Bb6 21. Rb5 Qd7 22. d5 Bxf2+ 23. Kxf2 Nb8 24. Rb4 c5 25. Re4 Qxa4 26. Rxa4 b6 27. Nf5 Red7 28. Re4 Kf8 29. Ne3 Na6 30. a3 Nc7 31. Re5 f6 32. Rh5 g6 33. Rh4 Kg7 34. f5 Nxd5 35. fxg6 hxg6 36. Nxd5 Rxd5 37. Rxd5 Rxd5 38. Ke2 f5 39. Ra4 a5 40. Rc4 Kf6 41. b3 Rd4 42. Rc3 Rh4 43. h3 Re4+ 44. Kd2 Rd4+ 45. Ke2 Ke5 46. Rg3 Rd6 47. Re3+ Kd5 48. Kd3 Re6 49. Rg3 b5 50. Rg5 c4+ 51. bxc4+ bxc4+ 52. Kc3 Rb6 53. h4 Rf6 54. g3 Re6 55. h5 gxh5 56. Rxf5+ Re5 57. Rf3 Kc5 58. a4 Rd5 59. Rf4 Rd3+ 60. Kc2 Rxg3 61. Rf5+ Kb4 62. Rxh5 Rg2+ 63. Kc1 Kxa4 64. Rh8 Kb3 65. Rb8+ Kc3 66. Kb1 Rg1+ 67. Ka2 Kc2 68. Rb5 c3 69. Rd5 Kc1 70. Rxa5 Rg2+ 71. Ka1 Rg7 72. Ka2 c2 73. Ka1 Rd7 0-1

[Event "Budapest FS04 U2250"]
[Site "Budapest"]
[Date "2024.04.13"]
[Round "7"]
[White "Nagy, Ervin"]
[Black "Szalanczy, Emil"]
[Result "1-0"]
[WhiteElo "2175"]
[BlackElo "1837"]
[PlyCount "93"]
[EventDate "2024.04.06"]
[EventType "tourn"]
[EventRounds "9"]
[EventCountry "HUN"]
[SourceTitle "CB18_2024"]
[SourceDate "2024.05.01"]
[SourceVersion "1"]
[SourceVersionDate "2024.05.01"]
[SourceQuality "2"]

1. Nf3 Nf6 2. c4 g6 3. g3 Bg7 4. Bg2 c5 5. 0-0 Nc6 6. d4 cxd4 7. Nxd4 0-0 8. Nc3 Ng4 9. e3 d6 10. b3 Nxd4 11. exd4 Rb8 12. Bb2 Nf6 13. Re1 Re8 14. Qd2 Qa5 15. d5 Bf5 16. Re2 Bg4 17. f3 Bd7 18. Rae1 b5 19. cxb5 Bxb5 20. Rxe7 Rxe7 21. Rxe7 Re8 22. Rxe8+ Bxe8 23. f4 Ng4 24. h3 Qb6+ 25. Kh1 Qf2 26. Qxf2 Nxf2+ 27. Kh2 Nd3 28. Ba1 Nc1 29. Bf1 Nxa2 30. Nxa2 Bxa1 31. Nb4 Bd4 32. Nc6 Bb6 33. g4 Kf8 34. Kg3 Bd7 35. Bd3 h6 36. Kf3 g5 37. f5 f6 38. Ba6 Ke8 39. Ke4 Kf8 40. Kd3 h5 41. Nb8 Be8 42. Kc4 Kg8 43. Bb5 Kf8 44. Bxe8 Kxe8 45. Kb5 Kd8 46. Ka6 Kc7 47. Nc6 1-0

[Event "HUN-chT2 Breyer 1819"]
[Site "Hungary"]
[Date "2019.03.31"]
[Round "8.4"]
[White "Nagy, Ervin"]
[Black "Balogh, Zoltan"]
[Result "1/2-1/2"]
[WhiteElo "2152"]
[BlackElo "2055"]
[PlyCount "62"]
[EventDate "2018.10.28"]
[EventType "team-tourn"]
[EventRounds "9"]
[EventCountry "HUN"]
[SourceTitle "EXT 2021"]
[Source "ChessBase"]
[SourceDate "2020.10.23"]
[SourceVersion "1"]
[SourceVersionDate "2020.10.23"]
[SourceQuality "1"]
[WhiteTeam "Budapest HASE"]
[BlackTeam "Vizugy"]
[WhiteTeamCountry "HUN"]
[BlackTeamCountry "HUN"]

1. e4 c5 2. Nf3 e6 3. d4 cxd4 4. Nxd4 Nc6 5. Nc3 Qc7 6. g3 g6 7. Bg2 Nf6 8. 0-0 h5 9. Bg5 Nxd4 10. Qxd4 Bc5 11. Qd3 Ng4 12. Nd1 b5 13. Qe2 Bb7 14. Bf4 d6 15. Re1 Qe7 16. h4 f6 17. Qd2 Ne5 18. b3 Rg8 19. Nb2 g5 20. hxg5 0-0-0 21. Nd3 Bd4 22. gxf6 Qxf6 23. c3 Nxd3 24. Qxd3 Bxf2+ 25. Kxf2 e5 26. Qe3 Rdf8 27. Bh3+ Kb8 28. Bf5 exf4 29. Qxf4 Ka8 30. Re3 d5 31. Ke2 dxe4 1/2-1/2

[Event "HUN-chT2 Charousek 1819"]
[Site "Hungary"]
[Date "2019.03.10"]
[Round "9.11"]
[White "Szukics, Adam"]
[Black "Nagy, Ervin"]
[Result "0-1"]
[WhiteElo "2148"]
[BlackElo "2154"]
[PlyCount "94"]
[EventDate "2018.09.23"]
[EventType "team-tourn"]
[EventRounds "11"]
[EventCountry "HUN"]
[SourceTitle "EXT 2021"]
[Source "ChessBase"]
[SourceDate "2020.10.23"]
[SourceVersion "1"]
[SourceVersionDate "2020.10.23"]
[SourceQuality "1"]
[WhiteTeam "Haladas Szombathely II"]
[BlackTeam "Budapest HASE"]
[WhiteTeamCountry "HUN"]
[BlackTeamCountry "HUN"]

1. d4 Nf6 2. Nf3 e6 3. Bf4 c5 4. e3 b6 5. Nbd2 cxd4 6. exd4 Be7 7. h3 0-0 8. Bd3 Nc6 9. c3 Bb7 10. 0-0 d6 11. Nc4 b5 12. Ne3 Qb6 13. Re1 Rfe8 14. Ng4 Nd5 15. Bd2 Bf8 16. Ng5 h6 17. Nf3 Nce7 18. Qb3 Bc6 19. Ngh2 Qb7 20. Be4 Nf6 21. Bxc6 Nxc6 22. Ng4 Nd5 23. c4 Nc7 24. cxb5 Qxb5 25. Rac1 Rac8 26. Re3 Qa6 27. Qa3 Qb6 28. Qa4 Nb5 29. Rb3 a6 30. Be3 d5 31. Rd3 Qa5 32. Qxa5 Nxa5 33. b3 Ba3 34. Rxc8 Rxc8 35. Nge5 f6 36. Nd7 Nc6 37. Bd2 Kf7 38. Kf1 Ke7 39. Nb6 Rc7 40. Na4 Bb4 41. Ke2 Kd6 42. Bxb4+ Nxb4 43. Rd2 Rc1 44. Ke3 g5 45. Nb6 Na3 46. Ke2 Nb1 47. Rb2 Nxa2 0-1

[Event "HUN-chT2 Charousek 1819"]
[Site "Hungary"]
[Date "2018.10.28"]
[Round "3.10"]
[White "Nagy, Ervin"]
[Black "Csiszar, Viktoria"]
[Result "1/2-1/2"]
[WhiteElo "2154"]
[BlackElo "1906"]
[PlyCount "56"]
[EventDate "2018.09.23"]
[EventType "team-tourn"]
[EventRounds "11"]
[EventCountry "HUN"]
[SourceTitle "CBM 189 Extra"]
[Source "ChessBase"]
[SourceDate "2019.06.03"]
[SourceVersion "1"]
[SourceVersionDate "2019.06.03"]
[SourceQuality "1"]
[WhiteTeam "Budapest HASE"]
[BlackTeam "Komlo Banyasz"]
[WhiteTeamCountry "HUN"]
[BlackTeamCountry "HUN"]

1. g3 g6 2. Bg2 Bg7 3. e4 c6 4. Nc3 d6 5. d4 Qb6 6. Nge2 Nf6 7. a4 Bg4 8. a5 Qc7 9. f3 Be6 10. Be3 0-0 11. Qd2 Rd8 12. 0-0 Bc4 13. Rfd1 Nbd7 14. Qe1 Rac8 15. Qf2 Nf8 16. Bf1 N6d7 17. Ra4 Ba6 18. Rda1 Re8 19. Nc1 Bxf1 20. Kxf1 a6 21. Nd3 e5 22. Rd1 Ne6 23. Ne2 exd4 24. Nxd4 Nxd4 25. Bxd4 Ne5 26. Nxe5 dxe5 27. Bb6 Qe7 28. c3 Qe6 1/2-1/2

[Event "Balaton op 36th"]
[Site "Balatonlelle"]
[Date "2018.06.16"]
[Round "5"]
[White "Nagy, Ervin"]
[Black "Metaxasz, Vaszilisz"]
[Result "0-1"]
[WhiteElo "2172"]
[BlackElo "2047"]
[PlyCount "48"]
[EventDate "2018.06.12"]
[EventType "swiss"]
[EventRounds "9"]
[EventCountry "HUN"]
[SourceTitle "CBM 185 Extra"]
[Source "ChessBase"]
[SourceDate "2018.07.29"]
[SourceVersion "1"]
[SourceVersionDate "2018.07.29"]
[SourceQuality "1"]

1. e4 c5 2. Nf3 Nc6 3. d4 cxd4 4. Nxd4 Qb6 5. Nb3 Nf6 6. Nc3 e6 7. Bd3 a6 8. 0-0 Be7 9. Kh1 0-0 10. f4 d6 11. Qf3 Qc7 12. Be3 b5 13. a4 b4 14. Ne2 Nd7 15. Qh3 g6 16. Rad1 Bf6 17. Bc1 Nb6 18. a5 Na4 19. e5 dxe5 20. Be4 Bb7 21. fxe5 Bxe5 22. Qh4 Nxb2 23. Bxb2 Bxb2 24. Rd3 f5 0-1

[Event "Balaton op 36th"]
[Site "Balatonlelle"]
[Date "2018.06.14"]
[Round "3"]
[White "Nagy, Ervin"]
[Black "Schmuck, Corentin"]
[Result "1-0"]
[WhiteElo "2172"]
[BlackElo "1925"]
[PlyCount "81"]
[EventDate "2018.06.12"]
[EventType "swiss"]
[EventRounds "9"]
[EventCountry "HUN"]
[SourceTitle "CBM 185 Extra"]
[Source "ChessBase"]
[SourceDate "2018.07.29"]
[SourceVersion "1"]
[SourceVersionDate "2018.07.29"]
[SourceQuality "1"]

1. e4 e6 2. d4 d5 3. e5 c5 4. c3 Qb6 5. Nf3 Nc6 6. a3 c4 7. g3 Na5 8. Nbd2 Bd7 9. Bg2 Ne7 10. 0-0 h6 11. h4 0-0-0 12. Re1 Kb8 13. Nf1 Nb3 14. Rb1 Nc8 15. Bf4 Be7 16. Ne3 Rdg8 17. Nxd5 Qb5 18. Nxe7 Nxe7 19. Qe2 Bc6 20. h5 Nd5 21. Be3 g6 22. Kh2 gxh5 23. Rh1 Rg4 24. Rbe1 Nxe3 25. fxe3 Rhg8 26. Rhg1 Rxg3 27. e4 R3g4 28. Bh3 Rxg1 29. Nxg1 Na5 30. Rf1 Be8 31. Rf2 Nc6 32. Qxh5 Qb3 33. Qe2 Ne7 34. Bf1 Rg7 35. Qxc4 Qd1 36. Qe2 Qc1 37. Nh3 Bc6 38. Bg2 b5 39. d5 exd5 40. Rf1 Qxf1 41. Qxf1 1-0

[Event "HUN-chT2 Maroczy 1718"]
[Site "Hungary"]
[Date "2018.05.06"]
[Round "9.10"]
[White "Morvay, Miklos"]
[Black "Nagy, Ervin"]
[Result "1/2-1/2"]
[WhiteElo "2173"]
[BlackElo "2193"]
[PlyCount "27"]
[EventDate "2017.10.29"]
[EventType "team-tourn"]
[EventRounds "9"]
[EventCountry "HUN"]
[SourceTitle "EXT 2021"]
[Source "ChessBase"]
[SourceDate "2020.10.23"]
[SourceVersion "1"]
[SourceVersionDate "2020.10.23"]
[SourceQuality "1"]
[WhiteTeam "Budapest Kobanya II"]
[BlackTeam "Budapest HASE"]
[WhiteTeamCountry "HUN"]
[BlackTeamCountry "HUN"]

1. e4 c5 2. d4 cxd4 3. c3 d3 4. Bxd3 d6 5. Nf3 Nc6 6. 0-0 Nf6 7. h3 e6 8. Qe2 Qc7 9. Na3 Be7 10. Bf4 e5 11. Bd2 0-0 12. Nc4 Be6 13. Rfd1 Rfe8 14. Ne3 1/2-1/2

[Event "Balaton op 34th"]
[Site "Balatonboglar"]
[Date "2016.06.20"]
[Round "7"]
[White "Nagy, Ervin"]
[Black "Strebkovs, Andrejs"]
[Result "1-0"]
[WhiteElo "2203"]
[BlackElo "2314"]
[PlyCount "109"]
[EventDate "2016.06.14"]
[EventType "swiss"]
[EventRounds "9"]
[EventCountry "HUN"]
[SourceTitle "CBM 173 Extra"]
[Source "ChessBase"]
[SourceDate "2016.08.29"]
[SourceVersion "1"]
[SourceVersionDate "2016.08.29"]
[SourceQuality "1"]

1. e4 g6 2. Nc3 c6 3. Nf3 Bg7 4. d4 d6 5. h3 Nf6 6. a4 a5 7. Be3 0-0 8. Be2 Nbd7 9. 0-0 Qc7 10. Qd2 e5 11. dxe5 dxe5 12. Rfd1 Rd8 13. Qe1 Nf8 14. Nd2 Ne6 15. Nc4 Nd4 16. Rd2 Be6 17. Rad1 Nd7 18. Bf1 Nf8 19. f4 f6 20. Qf2 c5 21. Nd5 Bxd5 22. exd5 Nd7 23. fxe5 fxe5 24. Na3 Rf8 25. Qe1 e4 26. c3 Nf5 27. d6 Qd8 28. Bc4+ Kh8 29. Bd5 Nxe3 30. Qxe3 Qh4 31. Qxe4 Qg3 32. Qe1 Qf4 33. Rf2 Qg5 34. Bxb7 Rae8 35. Rxf8+ Rxf8 36. Nc4 Qf4 37. b3 h6 38. Qd2 Qh4 39. Rf1 Rxf1+ 40. Kxf1 Qf6+ 41. Ke2 Qd8 42. Bc6 Nf8 43. d7 Ne6 44. Qd6 Qf6 45. Bd5 Nd8 46. Qxf6 Bxf6 47. Kd3 Kg7 48. Nxa5 Kf8 49. Nb7 Ke7 50. Nxc5 Kd6 51. Kc4 Bh4 52. a5 Kc7 53. Kb5 Be1 54. c4 Kd6 55. a6 1-0

[Event "Balaton op 34th"]
[Site "Balatonboglar"]
[Date "2016.06.19"]
[Round "6"]
[White "Green, Per"]
[Black "Nagy, Ervin"]
[Result "0-1"]
[WhiteElo "1967"]
[BlackElo "2203"]
[PlyCount "52"]
[EventDate "2016.06.14"]
[EventType "swiss"]
[EventRounds "9"]
[EventCountry "HUN"]
[SourceTitle "CBM 173 Extra"]
[Source "ChessBase"]
[SourceDate "2016.08.29"]
[SourceVersion "1"]
[SourceVersionDate "2016.08.29"]
[SourceQuality "1"]

1. Nf3 c5 2. c4 Nf6 3. Nc3 Nc6 4. g3 d5 5. cxd5 Nxd5 6. Bg2 Nc7 7. d3 e5 8. Be3 Be7 9. Rc1 0-0 10. 0-0 Bd7 11. Na4 b6 12. a3 Rc8 13. Bd2 Qe8 14. Nc3 f6 15. Ne1 Ne6 16. Nd5 Bd6 17. b4 Ncd4 18. e3 Ba4 19. Qg4 f5 20. Qh4 Ne2+ 21. Kh1 Nxc1 22. Bxc1 cxb4 23. Bb2 bxa3 24. Bxe5 g5 25. Qh6 Bxe5 26. Nf3 Bg7 0-1

[Event "Balaton op 34th"]
[Site "Balatonboglar"]
[Date "2016.06.18"]
[Round "5"]
[White "Nagy, Ervin"]
[Black "Toth, Daniel"]
[Result "1/2-1/2"]
[WhiteElo "2203"]
[BlackElo "2127"]
[PlyCount "66"]
[EventDate "2016.06.14"]
[EventType "swiss"]
[EventRounds "9"]
[EventCountry "HUN"]
[SourceTitle "CBM 173 Extra"]
[Source "ChessBase"]
[SourceDate "2016.08.29"]
[SourceVersion "1"]
[SourceVersionDate "2016.08.29"]
[SourceQuality "1"]

1. d4 Nf6 2. g3 d5 3. Bg2 g6 4. Nf3 Bg7 5. 0-0 0-0 6. c4 c6 7. cxd5 cxd5 8. Ne5 e6 9. Nc3 Nfd7 10. f4 f6 11. Nf3 Nc6 12. Be3 f5 13. Rc1 Nf6 14. Kh1 Bd7 15. Ne5 Be8 16. Qd2 Ne4 17. Nxe4 dxe4 18. Rfd1 Ne7 19. b3 Nd5 20. Bf2 Bf6 21. Qb2 g5 22. e3 Bh5 23. Rd2 Kh8 24. Rg1 gxf4 25. gxf4 Bh4 26. Qc1 Rc8 27. Qe1 Bf6 28. Bf1 Qe7 29. Be2 Bxe2 30. Qxe2 Rg8 31. Rc2 Rxc2 32. Rxg8+ Kxg8 33. Qxc2 Bxe5 1/2-1/2

[Event "Balaton op 34th"]
[Site "Balatonboglar"]
[Date "2016.06.17"]
[Round "4"]
[White "Metaxasz, Vaszilisz"]
[Black "Nagy, Ervin"]
[Result "1/2-1/2"]
[WhiteElo "2046"]
[BlackElo "2203"]
[PlyCount "61"]
[EventDate "2016.06.14"]
[EventType "swiss"]
[EventRounds "9"]
[EventCountry "HUN"]
[SourceTitle "CBM 173 Extra"]
[Source "ChessBase"]
[SourceDate "2016.08.29"]
[SourceVersion "1"]
[SourceVersionDate "2016.08.29"]
[SourceQuality "1"]

1. d4 Nf6 2. Nf3 c5 3. e3 g6 4. Be2 Bg7 5. 0-0 0-0 6. c4 cxd4 7. exd4 d5 8. Nc3 dxc4 9. Ne5 Nc6 10. Nxc6 bxc6 11. Bxc4 Qd6 12. h3 Rd8 13. Be3 Be6 14. Bxe6 Qxe6 15. Qa4 Qd7 16. Rac1 Qb7 17. Rc2 Rac8 18. Rfc1 Nd7 19. Ne4 Nb6 20. Qb4 Qd7 21. Nc5 Qf5 22. Nb3 Nd5 23. Qd2 Nxe3 24. Qxe3 Qd7 25. Rc5 e6 26. Qc3 h5 27. Rxc6 Rxc6 28. Qxc6 Bxd4 29. Qxd7 Rxd7 30. Nxd4 Rxd4 31. Rc7 1/2-1/2

[Event "HUN-chT2 Erkel 1516"]
[Site "Hungary"]
[Date "2016.04.17"]
[Round "11.5"]
[White "Goblyos, Gyorgy"]
[Black "Nagy, Ervin"]
[Result "1-0"]
[WhiteElo "2094"]
[BlackElo "2223"]
[PlyCount "51"]
[EventDate "2015.09.13"]
[EventType "team-tourn"]
[EventRounds "11"]
[EventCountry "HUN"]
[SourceTitle "EXT 2017"]
[Source "ChessBase"]
[SourceDate "2016.10.25"]
[SourceVersion "1"]
[SourceVersionDate "2016.10.25"]
[SourceQuality "1"]
[WhiteTeam "MAFC"]
[BlackTeam "HASE"]
[WhiteTeamCountry "HUN"]
[BlackTeamCountry "HUN"]

1. b4 d5 2. Bb2 Nf6 3. a3 Bf5 4. e3 e6 5. d4 Nbd7 6. Nd2 Nb6 7. c4 dxc4 8. Nxc4 Nxc4 9. Bxc4 Be7 10. Nf3 0-0 11. 0-0 Bg4 12. Be2 Nd7 13. e4 Nb6 14. Qb3 a5 15. b5 Re8 16. Rfd1 Bf8 17. Rac1 Qe7 18. Rc2 Rec8 19. Qe3 Qd6 20. h3 Bxf3 21. Bxf3 Qd7 22. Be2 g6 23. d5 Bd6 24. dxe6 Qxe6 25. Qd4 Kf8 26. Bg4 1-0

[Event "Heviz op 12th"]
[Site "Heviz"]
[Date "2016.04.14"]
[Round "9"]
[White "Nagy, Ervin"]
[Black "Walseth, Tron"]
[Result "1/2-1/2"]
[WhiteElo "2214"]
[BlackElo "1999"]
[PlyCount "40"]
[EventDate "2016.04.06"]
[EventType "swiss"]
[EventRounds "9"]
[EventCountry "HUN"]
[SourceTitle "CBM 171 Extra"]
[Source "ChessBase"]
[SourceDate "2016.04.26"]
[SourceVersion "1"]
[SourceVersionDate "2016.04.26"]
[SourceQuality "1"]

1. e4 e6 2. d4 d5 3. e5 c5 4. c3 Nc6 5. Nf3 Bd7 6. Be2 f6 7. exf6 Nxf6 8. 0-0 Bd6 9. dxc5 Bxc5 10. Bf4 0-0 11. b4 Be7 12. b5 Na5 13. a4 Rc8 14. Be5 Nc4 15. Bd4 a6 16. Bxc4 Rxc4 17. Nbd2 Rc8 18. Qe2 axb5 19. axb5 Bc5 20. Ne5 Qb6 1/2-1/2

[Event "Heviz op 12th"]
[Site "Heviz"]
[Date "2016.04.11"]
[Round "6"]
[White "Hardicsay, Peter"]
[Black "Nagy, Ervin"]
[Result "1/2-1/2"]
[WhiteElo "2249"]
[BlackElo "2214"]
[PlyCount "75"]
[EventDate "2016.04.06"]
[EventType "swiss"]
[EventRounds "9"]
[EventCountry "HUN"]
[SourceTitle "CBM 171 Extra"]
[Source "ChessBase"]
[SourceDate "2016.04.26"]
[SourceVersion "1"]
[SourceVersionDate "2016.04.26"]
[SourceQuality "1"]

1. d4 Nf6 2. c4 c5 3. d5 e6 4. Nc3 d6 5. Nf3 exd5 6. cxd5 g6 7. Bf4 a6 8. e4 Nh5 9. Bg5 Be7 10. Bh6 Bf8 11. Bg5 Be7 12. Bh6 Bf8 13. Be3 Bg7 14. Be2 0-0 15. 0-0 Nd7 16. a4 Nhf6 17. Nd2 Ne8 18. Nc4 Qe7 19. Qc2 Ne5 20. Nb6 Rb8 21. a5 Nd7 22. Nxc8 Rxc8 23. Rfe1 Be5 24. Ra4 Nc7 25. g3 Rfe8 26. f3 Bxc3 27. bxc3 Nxd5 28. Bf2 Nc7 29. Qd2 Nf8 30. Raa1 Rb8 31. Rab1 Red8 32. Bc4 Nd7 33. f4 b5 34. axb6 Nxb6 35. Bf1 a5 36. Qa2 a4 37. e5 d5 38. Qa3 1/2-1/2

[Event "Heviz op 12th"]
[Site "Heviz"]
[Date "2016.04.08"]
[Round "3"]
[White "Nagy, Ervin"]
[Black "Peczely, Sebastian Zsombor"]
[Result "0-1"]
[WhiteElo "2214"]
[BlackElo "2256"]
[PlyCount "74"]
[EventDate "2016.04.06"]
[EventType "swiss"]
[EventRounds "9"]
[EventCountry "HUN"]
[SourceTitle "CBM 171 Extra"]
[Source "ChessBase"]
[SourceDate "2016.04.26"]
[SourceVersion "1"]
[SourceVersionDate "2016.04.26"]
[SourceQuality "1"]

1. e4 e5 2. Nf3 Nc6 3. Be2 Nf6 4. d3 d5 5. Nbd2 Bc5 6. c3 a5 7. 0-0 0-0 8. b3 h6 9. Bb2 Qe7 10. a3 Bb6 11. Qc2 Rd8 12. b4 axb4 13. axb4 Rxa1 14. Bxa1 Bg4 15. Nb3 Nb8 16. Re1 c6 17. h3 Bh5 18. Nfd2 Bxe2 19. Rxe2 Nh5 20. Nf3 Nf4 21. Rd2 Qf6 22. Ne1 Qg5 23. Kf1 Rd6 24. d4 Rg6 25. g3 Nxh3 26. dxe5 Qxe5 27. c4 Qxe4 28. Qxe4 dxe4 29. Be5 Na6 30. c5 Bc7 31. Bxc7 Nxc7 32. Rd8+ Kh7 33. Rd7 Nd5 34. Rxf7 e3 35. Rxb7 exf2 36. Ng2 Rxg3 37. Nd2 Ndf4 0-1

[Event "Budapest Spring op"]
[Site "Budapest"]
[Date "2016.03.21"]
[Round "3"]
[White "Nagy, Ervin"]
[Black "Bodrogi, Mihaly"]
[Result "1/2-1/2"]
[WhiteElo "2234"]
[BlackElo "2008"]
[PlyCount "129"]
[EventDate "2016.03.18"]
[EventType "swiss"]
[EventRounds "9"]
[EventCountry "HUN"]
[SourceTitle "CBM 171 Extra"]
[Source "ChessBase"]
[SourceDate "2016.04.26"]
[SourceVersion "1"]
[SourceVersionDate "2016.04.26"]
[SourceQuality "1"]

1. e4 c5 2. Nf3 Nc6 3. d4 cxd4 4. Nxd4 g6 5. c4 Bg7 6. Be3 Nf6 7. Nc3 0-0 8. Be2 d6 9. h3 Bd7 10. 0-0 Nxd4 11. Bxd4 Bc6 12. Qd3 a5 13. Rad1 Nd7 14. Bxg7 Kxg7 15. Qd4+ Kg8 16. Nd5 Bxd5 17. Qxd5 Qb6 18. Rd2 Rac8 19. Qg5 Nf6 20. Qf4 Rc5 21. Qe3 Kg7 22. Bd3 Nd7 23. Qd4+ f6 24. Rc1 Rfc8 25. Be2 Re5 26. Bg4 Qxd4 27. Rxd4 f5 28. exf5 gxf5 29. f4 Rec5 30. Bf3 b5 31. Re1 Kf8 32. cxb5 Rxb5 33. Re2 Nf6 34. g4 fxg4 35. hxg4 h6 36. Kf2 Rc1 37. Red2 Rbc5 38. Bd1 R1c4 39. Rxc4 Rxc4 40. Ke3 Rc5 41. Bf3 Kf7 42. Rh2 Kg7 43. Rd2 Kf7 44. Rd3 Ke6 45. Rb3 Kf7 46. Rb7 Kf8 47. Kf2 Kf7 48. Kg3 Kf8 49. b4 axb4 50. Rxb4 Nd5 51. Rb8+ Kf7 52. a4 Rc3 53. Rb5 Nc7 54. Rb4 Na6 55. Rc4 Ra3 56. Kf2 Nc5 57. Bc6 Kf6 58. Ke2 Ra2+ 59. Kf3 Ra3+ 60. Kg2 Kf7 61. Rd4 Kf6 62. Bb5 Ne6 63. Rb4 Nc5 64. Bc6 Nd3 65. Rd4 1/2-1/2

[Event "Budapest FS02 IM"]
[Site "Budapest"]
[Date "2016.02.14"]
[Round "8"]
[White "Nagy, Ervin"]
[Black "Mirzoyan, David"]
[Result "1-0"]
[WhiteElo "2229"]
[BlackElo "2253"]
[PlyCount "145"]
[EventDate "2016.02.06"]
[EventType "tourn"]
[EventRounds "9"]
[EventCountry "HUN"]
[EventCategory "1"]
[SourceTitle "CBM 170 Extra"]
[Source "ChessBase"]
[SourceDate "2016.02.25"]
[SourceVersion "1"]
[SourceVersionDate "2016.02.25"]
[SourceQuality "1"]

1. e4 c5 2. Nf3 d6 3. d4 cxd4 4. Nxd4 Nf6 5. Nc3 a6 6. Be2 e5 7. Nb3 Be7 8. 0-0 0-0 9. a4 Be6 10. f4 Nbd7 11. Be3 exf4 12. Rxf4 Ne5 13. Kh1 Rc8 14. Nd4 Nfd7 15. Rf1 Nf6 16. Nf5 Bxf5 17. Rxf5 Qd7 18. Qf1 Nfg4 19. Bd4 g6 20. Bxg4 Nxg4 21. Rd5 Qe6 22. Rd1 Rc6 23. Qf4 Nf6 24. Bxf6 Qxf6 25. Qg3 Qg7 26. R5d2 Bf6 27. Nd5 Be5 28. Ne7+ Kh8 29. Qe3 Rc4 30. b3 Rc3 31. Qg1 Qh6 32. Nd5 Rg3 33. Rd3 b5 34. axb5 axb5 35. Rxg3 Bxg3 36. h3 Be5 37. Qf1 Qh4 38. Qe1 Qxe1+ 39. Rxe1 Rc8 40. Re2 Ra8 41. g4 Kg7 42. Kg2 Ra7 43. Rf2 f6 44. Kf3 Kf7 45. Ke3 h6 46. Kd3 Ra1 47. Nc7 Rd1+ 48. Ke2 Rh1 49. Rf3 h5 50. gxh5 gxh5 51. Nxb5 h4 52. Nc7 Bg3 53. Nd5 Ke6 54. Kd3 Rd1+ 55. Kc4 Ke5 56. Nxf6 Rh1 57. Rf5+ Ke6 58. Nh7 Be5 59. Ng5+ Kd7 60. Kb5 Rh2 61. c4 Rb2 62. Kb4 Kc6 63. Nf3 Bg3 64. e5 dxe5 65. Nxe5+ Kd6 66. Nf7+ Ke6 67. Rf3 Rg2 68. Kb5 Bc7 69. Kc6 Ba5 70. Kb5 Bc7 71. b4 Rg3 72. Kc6 Ke7 73. Rf1 1-0

[Event "Budapest FS02 IM"]
[Site "Budapest"]
[Date "2016.02.13"]
[Round "7"]
[White "Pratyusha, Bodda"]
[Black "Nagy, Ervin"]
[Result "1-0"]
[WhiteElo "2278"]
[BlackElo "2229"]
[PlyCount "137"]
[EventDate "2016.02.06"]
[EventType "tourn"]
[EventRounds "9"]
[EventCountry "HUN"]
[EventCategory "1"]
[SourceTitle "CBM 170 Extra"]
[Source "ChessBase"]
[SourceDate "2016.02.25"]
[SourceVersion "1"]
[SourceVersionDate "2016.02.25"]
[SourceQuality "1"]

1. d4 c5 2. d5 e6 3. c4 exd5 4. cxd5 d6 5. Nc3 Ne7 6. Nf3 Ng6 7. e4 Be7 8. Be2 a6 9. a4 0-0 10. 0-0 Bf6 11. Be3 Re8 12. Qc2 Bg4 13. Nd2 Bxe2 14. Nxe2 Nd7 15. a5 Qc7 16. Ra2 Rac8 17. Ng3 Qb8 18. f4 Be7 19. Nc4 Nf6 20. Bd2 Bf8 21. Bc3 Nd7 22. Ra3 f6 23. Nf5 Nh8 24. Rf3 Nf7 25. Rg3 Kh8 26. Qe2 Rc7 27. Qg4 Rxe4 28. Ncxd6 Nde5 29. Nxf7+ Rxf7 30. Bxe5 fxe5 31. Rh3 g5 32. Qxg5 Rxf4 33. Rag3 Bg7 34. Qh5 Qg8 35. Ne3 h6 36. Rh4 Qf8 37. h3 e4 38. Rxf4 Rxf4 39. Rg6 Kh7 40. Re6 Rf6 41. Rxe4 Rg6 42. Qf5 Qxf5 43. Nxf5 Bxb2 44. Re7+ Kh8 45. Rxb7 Bc3 46. Rb6 Kh7 47. d6 Bxa5 48. Rxa6 Rf6 49. g4 Bd8 50. Ra7+ Kg8 51. Ra8 Rf8 52. Nxh6+ Kg7 53. Nf5+ Kf6 54. Kg2 Ke6 55. Rc8 Kd5 56. h4 Rh8 57. h5 Ke4 58. Rxc5 Kf4 59. Rc4+ Kg5 60. Kf3 Bf6 61. Ne7 Rd8 62. Rc5+ Kh6 63. Nf5+ Kg5 64. h6 Kg6 65. Rc7 Ra8 66. h7 Ra3+ 67. Ne3 Rd3 68. d7 Bg7 69. Ke2 1-0